<?xml version="1.0" encoding="UTF-8"?>
<marc:record xmlns:marc="http://www.loc.gov/MARC21/slim">
   <marc:leader>00000nam a2200000 a 4500</marc:leader>
   <marc:datafield ind1="1" ind2=" " tag="100">
      <marc:subfield code="a">Drouve, Andreas</marc:subfield>
      <marc:subfield code="4">aut</marc:subfield>
      <marc:subfield code="e">Verfasser/-in</marc:subfield>
   </marc:datafield>
   <marc:datafield ind1=" " ind2=" " tag="653">
      <marc:subfield code="a">Softcover / Reisen/Reiseführer/Europa</marc:subfield>
   </marc:datafield>
   <marc:datafield ind1="0" ind2="0" tag="245">
      <marc:subfield code="a">Soul Places Spanien – Die Seele Spaniens spüren</marc:subfield>
   </marc:datafield>
   <marc:datafield ind1="0" ind2="0" tag="245">
      <marc:subfield code="c">Andreas Drouve</marc:subfield>
   </marc:datafield>
   <marc:datafield ind1=" " ind2="1" tag="264">
      <marc:subfield code="a">Bielefeld</marc:subfield>
      <marc:subfield code="b">Reise Know-How</marc:subfield>
      <marc:subfield code="c">2023</marc:subfield>
   </marc:datafield>
   <marc:datafield ind1="1" ind2=" " tag="490">
      <marc:subfield code="a">Soul Places</marc:subfield>
   </marc:datafield>
   <marc:datafield ind1=" " ind2=" " tag="250">
      <marc:subfield code="a">1. Auflage</marc:subfield>
   </marc:datafield>
   <marc:datafield ind1="1" ind2=" " tag="520">
      <marc:subfield code="a">Angaben aus der Verlagsmeldung

Soul Places Spanien – Die Seele Spaniens spüren / von Andreas Drouve

Die gotische Kathedrale von Burgos, eine Fahrt mit dem nostalgischen Luxuszug Transcantábrico oder ein Spaziergang durch die engen Gassen des mittelalterlichen Medinaceli. Diese Orte haben eines gemeinsam: Sie sind Soul Places, ganz besondere, handverlesene Orte, die Lust machen, direkt aufzubrechen und sich zu verlieren.

Jeder einzelne Soul Place ist eine Reise wert und hat das Zeug, zum neuen Lieblings- und Sehnsuchtsort zu werden.

Im Mittelpunkt der Soul Places stehen Erlebnisse und Orte, die eine Verbindung zwischen Reisendem und Gastland schaffen, wie es herkömmliche Reisebücher nicht vermögen. Die sonst für Reiseführer typischen praktischen Informationen sind dabei bewusst kurzgehalten, denn im Vordergrund steht es, die besondere Stimmung einzufangen und Inspiration zu bieten.

Die Auswahl der Autoren wendet sich dabei an alle – ob Kenner einer Reisedestination oder Einsteiger –, die das Reiseland wirklich genießen wollen und besondere Reiseanregungen suchen.

Soul Places Spanien – Die Seele Spaniens spüren erscheint in der Reihe Soul Places gemeinsam mit weiteren Titeln:

Frankreich
Griechenland
Niederlande
Portugal
Slowenien
</marc:subfield>
   </marc:datafield>
   <marc:datafield ind1=" " ind2=" " tag="020">
      <marc:subfield code="a">9783831737017</marc:subfield>
      <marc:subfield code="9">9783831737017</marc:subfield>
   </marc:datafield>
   <marc:datafield ind1=" " ind2=" " tag="020">
      <marc:subfield code="a">3831737010</marc:subfield>
      <marc:subfield code="9">3831737010</marc:subfield>
   </marc:datafield>
   <marc:datafield ind1=" " ind2=" " tag="041">
      <marc:subfield code="a">ger</marc:subfield>
   </marc:datafield>
   <marc:datafield ind1=" " ind2=" " tag="300">
      <marc:subfield code="a">192 Seiten</marc:subfield>
   </marc:datafield>
</marc:record>
